000 00294nam a22001217a 4500
008 170526b xxu||||| |||| 00| 0 eng d
041 _aeng
080 _a62
100 _a25
101 _aIM
245 _aBUSINIES LEGAL AND ETHICAL PHASES OF ENGINEERING
_cCANFIELD.D.T
942 _2udc
_cBK
999 _c14332
_d14332